<?xml version="1.0" encoding="UTF-8"?>
<record
    xmlns:xsi="http://www.w3.org/2001/XMLSchema-instance"
    xsi:schemaLocation="http://www.loc.gov/MARC21/slim http://www.loc.gov/standards/marcxml/schema/MARC21slim.xsd"
    xmlns="http://www.loc.gov/MARC21/slim">

  <leader>00722nam a22002057a 4500</leader>
  <controlfield tag="005">20250723150603.0</controlfield>
  <controlfield tag="008">250723b        |||||||| |||| 00| 0 eng d</controlfield>
  <datafield tag="020" ind1=" " ind2=" ">
    <subfield code="a">9789789362455</subfield>
  </datafield>
  <datafield tag="040" ind1=" " ind2=" ">
    <subfield code="a">NLN</subfield>
    <subfield code="b">English</subfield>
  </datafield>
  <datafield tag="050" ind1=" " ind2=" ">
    <subfield code="a">DT515.83</subfield>
    <subfield code="b">.A479 A479</subfield>
  </datafield>
  <datafield tag="082" ind1=" " ind2=" ">
    <subfield code="a">922.8</subfield>
  </datafield>
  <datafield tag="100" ind1=" " ind2=" ">
    <subfield code="a">AMAEFULA, Nneoma Comfort</subfield>
    <subfield code="e">aut</subfield>
    <subfield code="9">66873</subfield>
  </datafield>
  <datafield tag="245" ind1=" " ind2=" ">
    <subfield code="a">Gods finger on a man :</subfield>
    <subfield code="b">biography of Rerd(Dr) Amaefula Frank Uchechukwu JP /</subfield>
    <subfield code="c">Amaefula Nneoma Comfort</subfield>
  </datafield>
  <datafield tag="260" ind1=" " ind2=" ">
    <subfield code="a">Surulere, Lagos State (17, Association Avenue Ijesha) :</subfield>
    <subfield code="b">Johpa Services,</subfield>
    <subfield code="c">2013</subfield>
  </datafield>
  <datafield tag="300" ind1=" " ind2=" ">
    <subfield code="a">xiii, 212p. :</subfield>
    <subfield code="b">ill. , ports. ; 21cm</subfield>
  </datafield>
  <datafield tag="563" ind1=" " ind2=" ">
    <subfield code="a">(pbk)</subfield>
  </datafield>
  <datafield tag="650" ind1=" " ind2=" ">
    <subfield code="a">Amaefula, Frank Uchechukwu</subfield>
    <subfield code="9">66874</subfield>
  </datafield>
  <datafield tag="650" ind1=" " ind2=" ">
    <subfield code="a">Evangeliste</subfield>
    <subfield code="v">Nigeria</subfield>
    <subfield code="x">Biography</subfield>
    <subfield code="9">66875</subfield>
  </datafield>
  <datafield tag="942" ind1=" " ind2=" ">
    <subfield code="c">BK</subfield>
    <subfield code="n">0</subfield>
  </datafield>
  <datafield tag="999" ind1=" " ind2=" ">
    <subfield code="c">32937</subfield>
    <subfield code="d">32937</subfield>
  </datafield>
  <datafield tag="952" ind1=" " ind2=" ">
    <subfield code="0">0</subfield>
    <subfield code="1">0</subfield>
    <subfield code="2">lcc</subfield>
    <subfield code="4">0</subfield>
    <subfield code="7">0</subfield>
    <subfield code="a">YOL</subfield>
    <subfield code="b">MAIN</subfield>
    <subfield code="d">2025-07-23</subfield>
    <subfield code="i">191815</subfield>
    <subfield code="l">0</subfield>
    <subfield code="o">DT515.83 A479 A479</subfield>
    <subfield code="p">191815</subfield>
    <subfield code="r">2025-07-23 15:07:50</subfield>
    <subfield code="w">2025-07-23</subfield>
    <subfield code="y">JNL</subfield>
  </datafield>
</record>
